Normal view
MARC view
- Antitank weapons
Entry Topical Term
001 - CONTROL NUMBER
- control field: 106396
003 - CONTROL NUMBER IDENTIFIER
- control field: NUST
005 - DATE AND TIME OF LATEST TRANSACTION
- control field: 20221229140734.0
008 - FIXED-LENGTH DATA ELEMENTS
- fixed length control field: 221229|| aca||aabn | a|a d
040 ## - CATALOGING SOURCE
- Original cataloging agency: NUST
- Transcribing agency: NUST
150 ## - HEADING--TOPICAL TERM
- Topical term or geographic name entry element: Antitank weapons
670 ## - SOURCE DATA FOUND
- Source citation: Work cat.: (NUST)186314: LEE, R. G. 42226, Guided weapons (Vol-1) /, 1988.
